Statistics for Countries Michael Jackson visited

Click here to take the quiz!

General Stats

  • This quiz has been taken 200 times
    (62 since last reset)
  • The average score is 27 of 48

Answer Stats

ContinentCountry% Correct
AsiaJapan
88%
North AmericaUnited States of America
88%
EuropeUnited Kingdom
86%
South AmericaBrazil
84%
EuropeFrance
84%
EuropeGermany
84%
Asia/ EuropeRussia
84%
South AmericaArgentina
80%
OceaniaAustralia
76%
EuropeItaly
76%
EuropeSpain
76%
North AmericaCanada
73%
North AmericaMexico
73%
AsiaIndia
71%
EuropeAustria
67%
EuropePortugal
67%
Europethe Netherlands
67%
EuropeBelgium
65%
EuropePoland
65%
EuropeIreland
59%
AfricaSouth Africa
59%
EuropeSwitzerland
59%
AfricaEgypt
57%
OceaniaNew Zealand
57%
AsiaSouth Korea
57%
EuropeSweden
57%
EuropeNorway
55%
Asia/ EuropeTurkey
55%
AsiaThailand
53%
EuropeDenmark
51%
EuropeCzech Republic
47%
EuropeHungary
47%
AsiaIsrael
45%
AsiaMalaysia
45%
EuropeRomania
45%
EuropeEstonia
41%
AsiaSingapore
39%
AfricaTunisia
37%
AsiaBrunei
35%
EuropeLuxembourg
35%
AsiaTaiwan
31%
Asiathe Philippines
29%
AsiaBahrain
27%
AfricaIvory Coast
24%
AsiaOman
22%
AfricaTanzania
18%
AfricaGabon
16%
AfricaSenegal
14%

Score Distribution

Percentile by Number Answered

Percent of People with Each Score

Your Score History

You have not taken this quiz since the last reset